Memoria anual-1977. 1. La economía nacional

Збережено в:
Бібліографічні деталі
Співавтор: Banco Central de Costa Rica
Формат: Текст
Опубліковано: San José: Litografía e Imprenta LIL
Предмети:
Теги: Додати тег
Немає тегів, Будьте першим, хто поставить тег для цього запису!

MARC

LEADER 00000 a a2200000 04500
001 15860
003
040
090 |a 016500  
110 |a Banco Central de Costa Rica  
245 |a Memoria anual-1977. 1. La economía nacional  
260 |a San José:   |b Litografía e Imprenta LIL  
300 |a 137 p.  
650 |a CONDICIONES ECONOMICAS  
999 |c 10483  |d 10483